000 00794nam 22002533 4500
001 202790
010 _a972-41-4050-4
021 _aPT
_b216124/04
090 _a202790
100 _a20260629d u||y0pory50 ba
200 _aLucky Luke no Quebeque
_fdesenhos Achdé, argumento Laurent Gerra segundo Morris
205 _a
210 _aPorto
_cEdições Asa
_d2004
215 _a46, [4] p.
_cil. ; encadernado
_d30 cm
225 _aAs aventuras de Lucky Luke segundo Morris
_h1
606 _91586
_aDesenho Artístico
610 _aBanda Desenhada
675 _a74
_vPT
_zpor
700 _916145
_aMorris (Maurice Bévère)
_f1923-2001
701 _917661
_aAchdé (Darmenton)
_bHervé
_f1961-
701 _917662
_aGerra
_bLaurent
_f1967-
801 _aPT
_bBMMN
_gRPC
830 _cIsabel
990 _cLIVROS